| 000 | 02354cam a2200505 i 4500 | ||
|---|---|---|---|
| 001 | xx001515931 | ||
| 003 | NUKAT | ||
| 005 | 20260331114028.0 | ||
| 008 | 100127s2009 pl a |001 0dpol c | ||
| 020 |
_a9788392997009 _q(oprawa twarda) |
||
| 035 | _a(OCoLC)750603607 | ||
| 035 | _a(NUKAT)xx001515931 | ||
| 040 |
_aSZCZ M/ESZ _bpol _erda _cSZCZ M/ESZ _dTOR U/UDs _dWR O/MMt _dOLSZT 008/bak |
||
| 045 | 2 |
_bd1945 _bd2005 |
|
| 046 | _22009 | ||
| 245 | 0 | 0 |
_aSłownik biograficzny służby melioracyjnej województwa warmińsko-mazurskiego (1945-2005) / _czespół redakcyjny przewodniczący: Zbigniew Żerański [i 7 pozostałych]. |
| 260 |
_aOlsztyn : _bZarząd Melioracji i Urządzeń Wodnych ; _aElbląg : _bprzy współudziale Żuławskiego Zarządu Melioracji i Urządzeń Wodnych : _bStowarzyszenie Inżynierów i Techników Wodnych i Melioracyjnych, _c2009. |
||
| 300 |
_a136 stron, [30] stron tablic (w tym kolorwych) : _bilustracje ; _c25 cm. |
||
| 336 |
_aTekst _btxt _2rdacontent |
||
| 337 |
_aBez urządzenia pośredniczącego _bn _2rdamedia |
||
| 338 |
_aWolumin _bnc _2rdacarrier |
||
| 380 | _aKsiążki | ||
| 380 | _aPublikacje informacyjne | ||
| 388 | 1 | _a2001- | |
| 504 | _aIndeks. | ||
| 610 | 2 | 7 |
_aStowarzyszenie Inżynierów i Techników Wodnych i Melioracyjnych _2DBN _939305 |
| 648 | 7 |
_a1901-2000 _2DBN _934996 |
|
| 648 | 7 |
_a1939-1945 _2DBN _936042 |
|
| 648 | 7 |
_a1945-1989 _2DBN _936043 |
|
| 648 | 7 |
_a1989-2000 _2DBN _936156 |
|
| 648 | 7 |
_a2001- _2DBN _936393 |
|
| 650 | 7 |
_aAgromelioranci _2DBN _939304 |
|
| 650 | 7 |
_aMelioracje rolne _zPolska _zMazury (region) _vbiografie. _2kaba _939310 |
|
| 650 | 7 |
_aMelioracje rolne _zPolska _zWarmia (region) _vbiografie. _2kaba _939311 |
|
| 651 | 7 |
_aWojewództwo olsztyńskie (1946-1975) _2DBN _939208 |
|
| 651 | 7 |
_aWojewództwo olsztyńskie (1975-1998) _2DBN _939309 |
|
| 651 | 7 |
_aWojewództwo warmińsko-mazurskie (1999- ) _2DBN _935400 |
|
| 655 | 7 |
_aSłownik biograficzny _2DBN _935456 |
|
| 658 | _aRolnictwo i leśnictwo | ||
| 700 | 1 |
_aŻerański, Zbigniew _d(1932- ). _eRedakcja _939308 |
|
| 710 | 2 |
_aStowarzyszenie Inżynierów i Techników Wodnych i Melioracyjnych. _eWydawca _4pbl _939305 |
|
| 710 | 2 |
_aStowarzyszenie Inżynierów i Techników Wodnych i Melioracyjnych. _bOddział (Elbląg). _bZarząd. _eWydawca _4pbl _939307 |
|
| 920 | _a978-83-929970-0-9 (oprawa twarda) | ||
| 942 |
_2ddc _cBK_NM |
||
| 999 |
_c27383 _d27383 |
||